Olasz-magyar szótár / (Record no. 192988)

MARC details
000 -LEADER
campo de control de longitud fija 01229nam a2200373 i 4500
001 - NÚMERO DE CONTROL
campo de control 192988
003 - IDENTIFICADOR DE NÚMERO DE CONTROL
campo de control ItRI
005 - FECHA Y HORA DE LA ÚLTIMA TRANSACCIÓN
campo de control 20250823062244.0
007 - CAMPO FIJO DE DESCRIPCIÓN FÍSICA--INFORMACIÓN GENERAL
campo de control de longitud fija ta
008 - DATOS DE LONGITUD FIJA--INFORMACIÓN GENERAL
campo de control de longitud fija 230714s2010 hu |||||| ||||| |||||c
020 ## - NÚMERO INTERNACIONAL ESTÁNDAR DEL LIBRO
Número Internacional Estándar del Libro 9789630588324
040 ## - FUENTE DE CATALOGACIÓN
Lengua de catalogación ita
Centro/agencia transcriptor ES-MaACL
082 ## - NÚMERO DE LA CLASIFICACIÓN DECIMAL DEWEY
Número de clasificación 453.94511
Número de edición 19
100 1# - ENTRADA PRINCIPAL--NOMBRE DE PERSONA
Nombre de persona Herczeg, Gyula,
9 (RLIN) 233730
Fechas asociadas al nombre 1920-1994
Término indicativo de función/relación Autor
245 10 - MENCIÓN DEL TÍTULO
Título Olasz-magyar szótár /
Mención de responsabilidad, etc. Herczeg Gyula, Juhász Zsuzsanna.
246 11 - FORMA VARIANTE DEL TITULO
Título propio/Titulo breve Vocabolario italiano-ungherese
250 ## - MENCION DE EDICION
Mención de edición Internetes hozzáféréssel
260 ## - PUBLICACIÓN, DISTRIBUCIÓN, ETC.
Lugar de publicación, distribución, etc. Budapest :
Nombre del editor, distribuidor, etc. Akadémiai Kiadó,
Fecha de publicación, distribución, etc. 2010
300 ## - DESCRIPCIÓN FÍSICA
Extensión XV, 1086 páginas ;
Dimensiones 25 cm
336 ## - TIPO DE CONTENIDO
Fuente rdacontent
Término de tipo de contenido Texto
337 ## - TIPO DE MEDIO
Fuente rdamedia
Nombre/término del tipo de medio sin mediación
338 ## - TIPO DE SOPORTE
Fuente rdacarrier
Nombre/término del tipo de soporte volumen
500 ## - NOTA GENERAL
Nota general Edición con acceso on-line
650 #0 - PUNTO DE ACCESO ADICIONAL DE MATERIA--TÉRMINO DE MATERIA
Término de materia o nombre geográfico como elemento de entrada Lengua italiana-
Subdivisión de forma Diccionarios-
Subdivisión general Húngaro
9 (RLIN) 233732
650 #0 - PUNTO DE ACCESO ADICIONAL DE MATERIA--TÉRMINO DE MATERIA
Término de materia o nombre geográfico como elemento de entrada Lengua húngara-
Subdivisión de forma Diccionarios-
Subdivisión general Italiano
9 (RLIN) 233733
655 #0 - TERMINO DE INDIZACIÓN--GENERO/FORMA
Datos o término principal de género/forma Diccionarios
9 (RLIN) 193753
700 ## - ENTRADA AGREGADA--NOMBRE PERSONAL
Nombre de persona Juhász, Zsuzsanna
9 (RLIN) 233731
Término indicativo de función/relación Autor
852 ## - LOCALIZACIÓN
Ubicación ES-MaACL
Sublocalización o colección R.153380
Ubicación en estantería Depósito J
Donativo/Legado Donación: Editorial
Número de control de estantería N-8501
Encuadernación Cartoné
itemnumber 200289
982 #1 - EQUIVALENCIA O REFERENCIA-CRUZADA-MENCIÓN DE SERIE--NOMBRE DE CONFERENCIA O REUNIÓN/CONGRESO/TÍTULO [LOCAL, CANADÁ]
Enlace z01
Nombre de congreso/reunión o jurisdicción como elemento de entrada n
942 ## - ELEMENTOS DE ENTRADA SECUNDARIOS (KOHA)
Suprimir en OPAC No
Tipo de ítem Koha Libro impreso
Holdings
Estatus retirado Estado de pérdida Fuente del sistema de clasificación o colocación Estado de daño No para préstamo Biblioteca de origen Biblioteca actual Ubicación en estantería Fecha de adquisición Fuente de adquisición Total de préstamos Signatura topográfica completa Código de barras Visto por última vez Precio de reemplazo Tipo de ítem Koha
    Clasificación decimal universal     Biblioteca del Ateneo de Madrid Biblioteca del Ateneo de Madrid Depósito J 30/05/2022 Donación   N-8501 101205582 14/07/2023 14/07/2023 Libro impreso